00462nam a2200133 a 450000500170000000800410001705000170005810000210007524500460009626000370014244000240017999900190020395201060022220140414132022.0110315s19uu xx 00 eng d aTRbF51 2001 aMaccarone, Grace aFirst grade friends : The gym day winner. aNew York :bScholastic ,c2001. aFirst grade friends c113481d113481 001040aMUbMUcTRd2011-03-15eBkRewardl0oTR F51 2001pM5052r2014-04-14 00:00:00w2014-04-14yBK